Équipementiers des équipes UCI World Tour et ProSeries - Statistiques

Statistiques générales
  • Ce quiz a été pris 27 fois
  • Le résultat moyen est 12 sur 30
Statistiques - réponses
Hint Réponse % Correct
Trek
78%
Colnago
74%
Cannondale
70%
Cervélo
70%
Specialized
70%
Van Rysel
70%
Lapierre
65%
Pinarello
65%
Canyon
57%
Orbea
52%
Giant
48%
Look
48%
Bianchi
43%
Cube
43%
BMC
39%
Scott
39%
Wilier Triestina
39%
XDS
39%
Factor
35%
Ridley
35%
Rose
30%
BH
26%
Eddy Merckx
17%
Argon 18
13%
AURUM
13%
De Rosa
9%
MMR
9%
Quick Pro
9%
Rali
9%
Cinelli
4%
Aucun quiz correspondant
Distribution des résultats
% des personnes avec chaque résultat
Percentile par nombre de réponses
Votre historique - résultats
Vous n’avez pas pris ce quiz